Southville International School and Colleges
Your cart is empty.
  • Cart
  • Lists
    Public lists Eva Luna New books Lux_list list_1
    Your lists Log in to create your own lists
  • Log in to your account
  • Your cookies
  • Search history
Southville International School and Colleges
  • Advanced search
  • Recent comments
  • Most popular
  • Libraries

Log in to your account

Log in with GOOGLE


If you do not have an external account, but do have a local account, you can still log in:

  1. Home
  2. MARC view: The world that changes the world :
Normal view MARC view ISBD view

The world that changes the world : (Record no. 24838)

[ view plain ]
MARC details
000 -LEADER
fixed length control field 00658nam a2200193 a 4500
003 - CONTROL NUMBER IDENTIFIER
control field SISC
005 - DATE AND TIME OF LATEST TRANSACTION
control field 20191118091313.0
008 - FIXED-LENGTH DATA ELEMENTS--GENERAL INFORMATION
fixed length control field 111008s19uu xx 00 eng d
020 ## - INTERNATIONAL STANDARD BOOK NUMBER
International Standard Book Number 978047082754
050 ## - LIBRARY OF CONGRESS CALL NUMBER
Classification number HC 79.E5
Item number .W927 2010
245 ## - TITLE STATEMENT
Title The world that changes the world :
Remainder of title how philanthropy, innovation, and entrepreneurship are transforming the social ecosystem /
Statement of responsibility, etc edited by Willie Cheng and Sharifah Mohammed.
260 ## - PUBLICATION, DISTRIBUTION, ETC. (IMPRINT)
Place of publication, distribution, etc Singapore :
Name of publisher, distributor, etc John Wiley & Sons (Asia) Pte,
Date of publication, distribution, etc 2010.
300 ## - PHYSICAL DESCRIPTION
Extent 388 p. :
Other physical details ill. ;
Dimensions 24 cm.
650 ## - SUBJECT ADDED ENTRY--TOPICAL TERM
Topical term or geographic name as entry element Philantrophy
650 ## - SUBJECT ADDED ENTRY--TOPICAL TERM
Topical term or geographic name as entry element Innovation
650 ## - SUBJECT ADDED ENTRY--TOPICAL TERM
Topical term or geographic name as entry element Entrepreneurship
942 ## - ADDED ENTRY ELEMENTS (KOHA)
Koha item type Books
Source of classification or shelving scheme Library of Congress Classification
Call number prefix Foreign
Holdings
Withdrawn status Lost status Source of classification or shelving scheme Damaged status Home library Current library Shelving location Date acquired Source of acquisition Total Checkouts Full call number Barcode Date last seen Copy number Price effective from Koha item type
    Library of Congress Classification   College Library College Library Graduate Section 10/08/2011 Donation   HC 79.E5 .W927 2010 C13539 03/14/2017 1 10/18/2013 Books

The world that changes the world :

APA

(2010). The world that changes the world. Singapore: John Wiley & Sons (Asia) Pte.

Chicago

2010. The world that changes the world. Singapore: John Wiley & Sons (Asia) Pte.

Harvard

(2010). The world that changes the world. Singapore: John Wiley & Sons (Asia) Pte.

MLA

The world that changes the world. Singapore: John Wiley & Sons (Asia) Pte. 2010.

  • Place hold
  • Print
  • Cite
  • Add to your cart (remove)
  • Save record
    BIBTEX Dublin Core MARCXML MARC (non-Unicode/MARC-8) MARC (Unicode/UTF-8) MARC (Unicode/UTF-8, Standard) MODS (XML) RIS
  • More searches
    Search for this title in:
    Other Libraries (WorldCat) Other Databases (Google Scholar) Online Stores (Bookfinder.com) Open Library (openlibrary.org)

Exporting to Dublin Core...

SOUTHVILLE LIBRARY

Southville International School and Colleges Library

1281 Tropical Ave. Cor. Luxembourg St., BF Homes International, Las Pinas City

Tel. No. 8256374 / 252358 Loc. 117/146

Powered by Koha